[Event "Wuerttemberg-chT Rapid"]
[Site "Boeblingen"]
[Date "2024.04.13"]
[Round "6.2"]
[White "Vujic, Branimir"]
[Black "Deuer, Marius"]
[Result "0-1"]
[WhiteElo "2218"]
[BlackElo "2439"]
[PlyCount "82"]
[EventDate "2024.04.13"]
[EventType "team-tourn"]
[EventRounds "9"]
[EventCountry "GER"]
[SourceTitle "CB17_2024"]
[SourceDate "2024.04.24"]
[SourceVersion "1"]
[SourceVersionDate "2024.04.24"]
[SourceQuality "1"]

1. d4 Nf6 2. Bf4 d5 3. e3 e6 4. Nf3 c5 5. Nc3 a6 6. dxc5 Bxc5 7. Bd3 Bd6 8. Bxd6 Qxd6 9. 0-0 e5 10. e4 d4 11. Ne2 Bg4 12. Ng3 Nc6 13. h3 Bxf3 14. Qxf3 g6 15. Bc4 0-0 16. Rfd1 Rad8 17. Bb3 Kg7 18. Rd2 Rd7 19. Rad1 Rfd8 20. Ne2 b5 21. c3 Qc5 22. Nc1 Na5 23. Ne2 Nxb3 24. axb3 Qc6 25. Ng3 dxc3 26. Rxd7 Rxd7 27. Rxd7 c2 28. Rd1 c1Q 29. Rxc1 Qxc1+ 30. Kh2 Qxb2 31. Qe3 h6 32. Qb6 Qxb3 33. Qxa6 Qb2 34. Qb6 b4 35. f3 b3 36. Qb5 Qc2 37. Nf1 b2 38. Ne3 b1Q 39. Qxe5 Qcb2 40. Qc5 Q1c1 41. Qa7 Qe5+ 0-1

[Event "Wuerttemberg-chT Rapid"]
[Site "Boeblingen"]
[Date "2024.04.13"]
[Round "8.6"]
[White "Weiss, Oliver"]
[Black "Vujic, Branimir"]
[Result "1-0"]
[WhiteElo "2220"]
[BlackElo "2218"]
[PlyCount "103"]
[EventDate "2024.04.13"]
[EventType "team-tourn"]
[EventRounds "9"]
[EventCountry "GER"]
[SourceTitle "CB17_2024"]
[SourceDate "2024.04.24"]
[SourceVersion "1"]
[SourceVersionDate "2024.04.24"]
[SourceQuality "1"]

1. d4 d5 2. Bf4 Nf6 3. e3 c5 4. c3 Nc6 5. Nd2 Bf5 6. Qb3 Qb6 7. dxc5 Qxb3 8. axb3 e5 9. Bg3 Bxc5 10. Ngf3 Bd6 11. Nd4 exd4 12. Bxd6 dxe3 13. fxe3 0-0-0 14. Bf4 h6 15. Bb5 Rd7 16. Nf3 Re7 17. 0-0 Bd7 18. Bxc6 Bxc6 19. Rxa7 Rhe8 20. Nd4 Nh5 21. Nf5 Nxf4 22. Nxe7+ Rxe7 23. Rxf4 Rxe3 24. Rxf7 Kb8 25. Ra1 g5 26. Rd1 Re2 27. Rf2 Re5 28. b4 Kc7 29. h3 h5 30. Rfd2 Kb6 31. Rd4 Re2 32. R1d2 Re5 33. Kh2 Kb5 34. g4 h4 35. Kg2 Ka4 36. Kf2 Re7 37. Re2 Rf7+ 38. Ke1 Bb5 39. Rf2 Re7+ 40. Kd2 Bc4 41. Kc2 Bb3+ 42. Kd2 Bc4 43. Rf3 Re2+ 44. Kc1 Rh2 45. Rd2 Rh1+ 46. Kc2 Bb3+ 47. Kd3 Bc4+ 48. Kd4 Kb3 49. Ke5 Re1+ 50. Kf6 Be2 51. Re3 Rf1+ 52. Kxg5 1-0

[Event "BL2-Sued 2122"]
[Site "Germany"]
[Date "2022.05.14"]
[Round "5.7"]
[White "Vujic, Branimir"]
[Black "Gohil, Harry"]
[Result "1-0"]
[WhiteElo "2274"]
[BlackElo "2247"]
[PlyCount "109"]
[EventDate "2022.03.05"]
[EventType "team-tourn"]
[EventRounds "10"]
[EventCountry "GER"]
[SourceTitle "EXT 2023"]
[Source "ChessBase"]
[SourceDate "2022.10.05"]
[SourceVersion "1"]
[SourceVersionDate "2022.10.05"]
[SourceQuality "1"]
[WhiteTeam "Boeblingen"]
[BlackTeam "Schott Mainz"]
[WhiteTeamCountry "GER"]
[BlackTeamCountry "GER"]

1. d4 Nf6 2. Nf3 g6 3. e3 Bg7 4. Be2 0-0 5. 0-0 d6 6. c4 c5 7. b3 Nc6 8. Bb2 Bf5 9. Nbd2 Rb8 10. a3 Ne4 11. Nxe4 Bxe4 12. Ra2 e5 13. dxc5 dxc5 14. Bc3 Qe7 15. Rd2 Rfd8 16. Qa1 f5 17. Rfd1 Bxf3 18. Rxd8+ Rxd8 19. Rxd8+ Nxd8 20. Bxf3 e4 21. Bxg7 Qxg7 22. Qxg7+ Kxg7 23. Bd1 Kf6 24. f4 exf3 25. Bxf3 b6 26. Bd5 Ne6 27. Kf2 Nc7 28. Bc6 Ke5 29. h4 Kd6 30. Bb7 Ne8 31. Kf3 Ke5 32. Bc6 Nf6 33. Bb7 a5 34. Bc6 h6 35. Bb7 g5 36. hxg5 hxg5 37. Bc6 g4+ 38. Ke2 Kd6 39. Bb7 Nh5 40. Kf2 f4 41. exf4 Nxf4 42. Kg3 Ne2+ 43. Kxg4 Nd4 44. Kh5 Nxb3 45. g4 Nd4 46. g5 Ke5 47. Bc8 Nc6 48. g6 Kf6 49. Kh6 Ne5 50. g7 Nf7+ 51. Kh7 Ng5+ 52. Kg8 a4 53. Bd7 Kg6 54. Be8+ Kf6 55. Kh8 1-0

[Event "Oberliga Wuerttemberg 1920"]
[Site "Wuerttemberg"]
[Date "2019.12.15"]
[Round "5.4"]
[White "Vujic, Branimir"]
[Black "Krockenberger, Martin"]
[Result "0-1"]
[WhiteElo "2249"]
[BlackElo "2149"]
[PlyCount "54"]
[EventDate "2019.09.15"]
[EventType "team-tourn"]
[EventRounds "9"]
[EventCountry "GER"]
[SourceTitle "EXT 2021"]
[Source "ChessBase"]
[SourceDate "2020.10.23"]
[SourceVersion "1"]
[SourceVersionDate "2020.10.23"]
[SourceQuality "1"]
[WhiteTeam "Boeblingen"]
[BlackTeam "Schmiden Cannstatt"]
[WhiteTeamCountry "GER"]
[BlackTeamCountry "GER"]

1. d4 Nf6 2. Bf4 g6 3. Nc3 d6 4. e4 c6 5. Qd2 b5 6. f3 Nbd7 7. Bh6 Bxh6 8. Qxh6 Qa5 9. Nh3 Nb6 10. Qd2 Bxh3 11. gxh3 0-0 12. Bd3 Qb4 13. 0-0-0 Qxd4 14. Qh6 Qe5 15. Qe3 b4 16. f4 Qa5 17. Ne2 c5 18. e5 Nfd5 19. Qf3 dxe5 20. Be4 e6 21. Kb1 Rab8 22. Bxd5 Nxd5 23. fxe5 c4 24. Rhf1 c3 25. Nf4 b3 26. axb3 Nb4 27. Qxc3 Rbc8 0-1

[Event "Oberliga Wuerttemberg 1819"]
[Site "Wuerttemberg"]
[Date "2019.02.17"]
[Round "7"]
[White "Vujic, Branimir"]
[Black "Fischer, Sebastian"]
[Result "1/2-1/2"]
[WhiteElo "2307"]
[BlackElo "2287"]
[PlyCount "136"]
[EventDate "2018.09.23"]
[EventType "team-tourn"]
[EventRounds "9"]
[EventCountry "GER"]
[SourceTitle "EXT 2020"]
[Source "ChessBase"]
[SourceDate "2019.10.17"]
[SourceVersion "1"]
[SourceVersionDate "2019.10.17"]
[SourceQuality "1"]
[WhiteTeam "Boeblingen"]
[BlackTeam "Deizisau II"]
[WhiteTeamCountry "GER"]
[BlackTeamCountry "GER"]

1. d4 f5 2. g4 d5 3. g5 c5 4. Bg2 cxd4 5. Qxd4 e6 6. Nf3 Nc6 7. Qa4 Bd7 8. Qb3 Bd6 9. 0-0 Nge7 10. c4 0-0 11. cxd5 Nxd5 12. Nc3 Nxc3 13. bxc3 Qc7 14. Ba3 Bxa3 15. Qxa3 e5 16. Qb3+ Kh8 17. Rfd1 Rae8 18. Rab1 Bc8 19. Qa3 Qf7 20. Qa4 Qg6 21. Qh4 f4 22. Rb5 e4 23. Nd4 Ne5 24. Kh1 b6 25. f3 Ba6 26. Rb2 Nc4 27. Rb4 Ne3 28. Rg1 Bb7 29. Bh3 exf3 30. exf3 Nc2 31. Nxc2 Qxc2 32. Bg2 Qf5 33. Rd4 Re3 34. g6 h6 35. Rd8 Rxc3 36. Rgd1 Rc8 37. Rxf8+ Rxf8 38. Qe7 Bc6 39. h3 Qf6 40. Qxf6 gxf6 41. Rd6 Bb5 42. h4 h5 43. Rd5 Be8 44. Rxh5+ Kg7 45. Rh7+ Kxg6 46. Rxa7 Bc6 47. Ra6 Rb8 48. Ra7 Ra8 49. Rc7 Bd5 50. Rd7 Bc4 51. Rd4 b5 52. Rxf4 Rxa2 53. Bh3 Bd3 54. Bd7 f5 55. Be8+ Kf6 56. h5 Re2 57. Bg6 Kg5 58. Rd4 Bc4 59. Kg1 f4 60. Rd1 Kh4 61. Kh1 Kg3 62. Rg1+ Kxf3 63. h6 Bd5 64. Rg5 Bc6 65. Bf7 Re1+ 66. Kh2 Re2+ 67. Kg1 Re1+ 68. Kh2 Re2+ 1/2-1/2

[Event "Oberliga Wuerttemberg 1819"]
[Site "Wuerttemberg"]
[Date "2018.12.02"]
[Round "4"]
[White "Namyslo, Holger"]
[Black "Vujic, Branimir"]
[Result "1-0"]
[WhiteElo "2275"]
[BlackElo "2307"]
[PlyCount "49"]
[EventDate "2018.09.23"]
[EventType "team-tourn"]
[EventRounds "9"]
[EventCountry "GER"]
[SourceTitle "EXT 2020"]
[Source "ChessBase"]
[SourceDate "2019.10.17"]
[SourceVersion "1"]
[SourceVersionDate "2019.10.17"]
[SourceQuality "1"]
[WhiteTeam "Biberach"]
[BlackTeam "Boeblingen"]
[WhiteTeamCountry "GER"]
[BlackTeamCountry "GER"]

1. e4 d5 2. exd5 Nf6 3. d4 Nxd5 4. c4 Nb6 5. Nf3 g6 6. c5 Nd5 7. Bc4 c6 8. Nc3 Bg7 9. Qb3 0-0 10. 0-0 Nxc3 11. bxc3 b5 12. cxb6 axb6 13. Re1 Ba6 14. Bg5 Bxc4 15. Qxc4 Re8 16. Rab1 Ra6 17. Rb2 b5 18. Qb3 Qd6 19. Rbe2 e6 20. Bc1 Qd5 21. Ne5 Nd7 22. Qxd5 cxd5 23. Nxd7 b4 24. cxb4 Bxd4 25. Bb2 1-0

[Event "Oberliga Wuerttemberg 1819"]
[Site "Wuerttemberg"]
[Date "2018.10.14"]
[Round "2"]
[White "Vujic, Branimir"]
[Black "Gabriel, Robert A"]
[Result "1/2-1/2"]
[WhiteElo "2307"]
[BlackElo "2234"]
[PlyCount "106"]
[EventDate "2018.09.23"]
[EventType "team-tourn"]
[EventRounds "9"]
[EventCountry "GER"]
[SourceTitle "EXT 2020"]
[Source "ChessBase"]
[SourceDate "2019.10.17"]
[SourceVersion "1"]
[SourceVersionDate "2019.10.17"]
[SourceQuality "1"]
[WhiteTeam "Boeblingen"]
[BlackTeam "Stuttgart SF"]
[WhiteTeamCountry "GER"]
[BlackTeamCountry "GER"]

1. d4 Nf6 2. Bf4 e6 3. e3 c5 4. Nd2 d5 5. c3 Nc6 6. Ngf3 Bd6 7. dxc5 Bxc5 8. Bd3 0-0 9. 0-0 Re8 10. e4 h6 11. e5 Nh5 12. Bg3 Nxg3 13. hxg3 Qc7 14. Qe2 g6 15. Rfe1 Bf8 16. Nd4 Bg7 17. f4 Nxd4 18. cxd4 Bd7 19. Nf3 h5 20. Rad1 Rec8 21. Nh2 Qb6 22. Nf3 a6 23. Bb1 Rc4 24. Qd2 Bf8 25. a3 Ba4 26. Rc1 Rac8 27. Rxc4 Rxc4 28. Kh2 Qc7 29. Bd3 Rc6 30. Nh4 Bc2 31. Rc1 Bxd3 32. Rxc6 Qxc6 33. Qxd3 Kg7 34. Nf3 b5 35. Qd2 Be7 36. Qa5 Kf8 37. Qd2 Bd8 38. Kh3 a5 39. g4 hxg4+ 40. Kxg4 Qc4 41. Kh3 b4 42. axb4 axb4 43. Qd1 b3 44. Kg3 Kg7 45. Kf2 Qc2+ 46. Qe2 Ba5 47. g3 Kf8 48. Kf1 Qe4 49. Qxe4 dxe4 50. Ng5 Bc3 51. Nxe4 Bxd4 52. Nd2 Bxb2 53. Nxb3 Ke7 1/2-1/2

[Event "Oberliga Wuerttemberg 1617"]
[Site "Wuerttemberg"]
[Date "2017.04.02"]
[Round "10.4"]
[White "Weiss, Andreas"]
[Black "Vujic, Branimir"]
[Result "0-1"]
[WhiteElo "2215"]
[BlackElo "2385"]
[PlyCount "86"]
[EventDate "2016.09.25"]
[EventType "team-tourn"]
[EventRounds "11"]
[EventCountry "GER"]
[SourceTitle "EXT 2019"]
[Source "ChessBase"]
[SourceDate "2018.10.10"]
[SourceVersion "1"]
[SourceVersionDate "2018.10.10"]
[SourceQuality "1"]
[WhiteTeam "Schwaebisch Gmuend"]
[BlackTeam "Boeblingen"]
[WhiteTeamCountry "GER"]
[BlackTeamCountry "GER"]

1. e4 d5 2. exd5 Nf6 3. Nc3 Nxd5 4. Bc4 Nb6 5. Bb3 c5 6. Qh5 e6 7. d3 N8d7 8. Qe2 Be7 9. Nf3 Nf6 10. 0-0 0-0 11. Bg5 h6 12. Bh4 Nfd5 13. Nxd5 Nxd5 14. Bxe7 Nxe7 15. Ne5 Qc7 16. Rad1 Nc6 17. Nxc6 Qxc6 18. d4 b5 19. d5 Qb6 20. c3 exd5 21. Bxd5 Bb7 22. Qf3 Bxd5 23. Rxd5 Rad8 24. Rfd1 Rxd5 25. Qxd5 Re8 26. Kf1 b4 27. cxb4 cxb4 28. Qc4 Qa5 29. Rd5 Qb6 30. g3 Qe6 31. Kg2 Rc8 32. Qd3 Qc6 33. Kh3 Qf6 34. Qd2 Qe6+ 35. Kg2 Qe4+ 36. f3 Qc2 37. Kh3 Qc4 38. b3 Qf1+ 39. Kg4 Qa6 40. Rd8+ Kh7 41. Rxc8 Qxc8+ 42. Kf4 Qc5 43. g4 Qg5+ 0-1

[Event "Bodensee-Cup"]
[Site "Bregenz"]
[Date "2016.04.24"]
[Round "3.3"]
[White "Kurmann, Oliver"]
[Black "Vujic, Branimir"]
[Result "1/2-1/2"]
[WhiteElo "2433"]
[BlackElo "2384"]
[PlyCount "113"]
[EventDate "2016.04.22"]
[EventType "team-tourn"]
[EventRounds "3"]
[EventCountry "AUT"]
[SourceTitle "EXT 2018"]
[Source "ChessBase"]
[SourceDate "2017.10.13"]
[SourceVersion "1"]
[SourceVersionDate "2017.10.13"]
[SourceQuality "1"]
[WhiteTeam "Switzerland"]
[BlackTeam "Wuerttemberg"]
[WhiteTeamCountry "SUI"]
[BlackTeamCountry "GER"]

1. e4 d5 2. exd5 Nf6 3. d4 Nxd5 4. Nf3 g6 5. c4 Nb6 6. Nc3 Bg7 7. c5 Nd5 8. Bc4 c6 9. 0-0 Be6 10. Qb3 b5 11. cxb6 Qxb6 12. Na4 Qxb3 13. Bxb3 Nd7 14. h3 Nc7 15. Bxe6 Nxe6 16. Be3 Nb6 17. Nxb6 axb6 18. Rfd1 0-0-0 19. Ne5 Bxe5 20. dxe5 Kb7 21. Rxd8 Rxd8 22. f4 c5 23. Kf2 Kc6 24. Kf3 Nd4+ 25. Ke4 Nc2 26. Rc1 Nxe3 27. Kxe3 b5 28. b3 h5 29. g3 h4 30. g4 Rd4 31. Ra1 Rb4 32. Rd1 c4 33. bxc4 Rxc4 34. Rd3 Ra4 35. a3 f6 36. exf6 exf6 37. Rc3+ Kd5 38. Rd3+ Kc5 39. Rc3+ Rc4 40. Rd3 f5 41. Kf3 Rc2 42. Re3 Kd4 43. Re6 Rc3+ 44. Kf2 Rxh3 45. Rxg6 Rxa3 46. gxf5 Ra8 47. Rh6 b4 48. Rxh4 b3 49. Rh7 Rb8 50. Rh1 Rf8 51. Kf3 Rxf5 52. Kg4 Rb5 53. f5 Ke5 54. Re1+ Kf6 55. Rb1 Rb4+ 56. Kf3 Kxf5 57. Ke3 1/2-1/2

[Event "Boeblinger op 31st"]
[Site "Boeblingen"]
[Date "2014.12.30"]
[Round "6"]
[White "Kotz, Reinhard"]
[Black "Vujic, Branimir"]
[Result "0-1"]
[WhiteElo "2171"]
[BlackElo "2351"]
[PlyCount "106"]
[EventDate "2014.12.26"]
[EventType "swiss"]
[EventRounds "9"]
[EventCountry "GER"]
[SourceTitle "CBM 164 Extra"]
[Source "ChessBase"]
[SourceDate "2015.03.02"]
[SourceVersion "1"]
[SourceVersionDate "2015.03.02"]
[SourceQuality "1"]

1. f4 d5 2. Nf3 Nc6 3. e3 Bg4 4. Bb5 Qd6 5. h3 Bxf3 6. Qxf3 g6 7. c4 0-0-0 8. Qxd5 Qxd5 9. cxd5 Nb4 10. Kd1 Nxd5 11. Ke2 Bg7 12. Nc3 e6 13. Nxd5 exd5 14. d3 Ne7 15. Rb1 c6 16. Ba4 Rhe8 17. Kf3 Kc7 18. Bd2 Kb6 19. b4 a6 20. Rhc1 Rd7 21. Bd1 Nf5 22. g4 Nd6 23. a4 f5 24. Bc2 Rde7 25. Re1 h6 26. gxf5 Nxf5 27. d4 Nh4+ 28. Kg3 Bf6 29. b5 g5 30. bxc6+ Kxc6 31. f5 Rf7 32. Rec1 Kd6 33. Bd3 Bd8 34. Rf1 Bc7 35. Rf2 h5 36. Rxb7 Kc6+ 37. Rxc7+ Kxc7 38. Rf1 Ref8 39. Bb4 Rb8 40. Ba5+ Kd6 41. Rb1 Rxb1 42. Bxb1 Nxf5+ 43. Bxf5 Rxf5 44. Bd8 Kd7 45. Bb6 Rf1 46. a5 Ke6 47. Bd8 Kf5 48. Kg2 Ra1 49. Kf3 Ra3 50. Bc7 Ra2 51. Bd8 g4+ 52. hxg4+ hxg4+ 53. Kg3 Re2 0-1

[Event "Boeblinger op 30th"]
[Site "Boeblingen"]
[Date "2013.12.30"]
[Round "8"]
[White "Vujic, Branimir"]
[Black "Makka, Ioulia"]
[Result "1-0"]
[WhiteElo "2349"]
[BlackElo "2165"]
[PlyCount "113"]
[EventDate "2013.12.26"]
[EventType "swiss"]
[EventRounds "9"]
[EventCountry "GER"]
[SourceTitle "CBM 158 Extra"]
[Source "ChessBase"]
[SourceDate "2014.02.28"]
[SourceVersion "1"]
[SourceVersionDate "2014.02.28"]
[SourceQuality "1"]

1. d4 Nf6 2. Bf4 d5 3. e3 c6 4. c4 e6 5. Nc3 Nbd7 6. Nf3 Be7 7. Bd3 Qa5 8. 0-0 dxc4 9. Bxc4 Nd5 10. Nxd5 exd5 11. Bd3 Qd8 12. Qc2 Nf6 13. h3 0-0 14. Ne5 Be6 15. Rab1 g6 16. b4 Rc8 17. Rfc1 Nh5 18. Bh6 Ng7 19. Qe2 Bd6 20. Nf3 Re8 21. Bxg7 Kxg7 22. b5 c5 23. dxc5 Bxc5 24. Rd1 Qf6 25. Qb2 Qxb2 26. Rxb2 Ba3 27. Rc2 Kf6 28. Nd4 Bc5 29. Nb3 Ba3 30. Na5 Re7 31. Rxc8 Bxc8 32. Be2 Be6 33. Bf3 Ke5 34. g4 Rc7 35. Rd4 Bb2 36. Ra4 Bc3 37. Nb3 b6 38. Kg2 g5 39. Kg3 Kd6 40. Nd4 Bxd4 41. Rxd4 Rc4 42. Be2 Rc2 43. Bd3 Rxa2 44. Bxh7 Kc5 45. Bd3 Bd7 46. f4 f6 47. h4 gxh4+ 48. Kxh4 Rh2+ 49. Kg3 Rh1 50. Be4 dxe4 51. Rxd7 Ra1 52. f5 Kxb5 53. Rf7 a5 54. Rxf6 a4 55. Rf8 Rf1 56. g5 a3 57. f6 1-0

[Event "Oberliga Wuerttemberg 0708"]
[Site "Wuerttemberg"]
[Date "2008.03.09"]
[Round "7.3"]
[White "Marzolo, Cyril"]
[Black "Vujic, Branimir"]
[Result "0-1"]
[WhiteElo "2476"]
[BlackElo "2362"]
[PlyCount "70"]
[EventDate "2007.10.07"]
[EventType "team-tourn"]
[EventRounds "9"]
[EventCountry "GER"]
[SourceTitle "EXT 2018"]
[Source "ChessBase"]
[SourceDate "2017.10.13"]
[SourceVersion "1"]
[SourceVersionDate "2017.10.13"]
[SourceQuality "1"]
[WhiteTeam "Boeblingen"]
[BlackTeam "Stuttgart SF"]
[WhiteTeamCountry "GER"]
[BlackTeamCountry "GER"]

1. d4 d5 2. c4 e6 3. Nc3 Nf6 4. Nf3 Be7 5. Bg5 0-0 6. e3 Nbd7 7. Rc1 a6 8. c5 c6 9. Bd3 e5 10. dxe5 Ne8 11. h4 Nxc5 12. Bb1 f6 13. Qc2 g6 14. Bh6 Ng7 15. e4 d4 16. exf6 Rxf6 17. Rd1 Nce6 18. Bg5 Rxf3 19. gxf3 Bxg5 20. hxg5 Qxg5 21. Ne2 c5 22. b4 b6 23. bxc5 bxc5 24. f4 Qg2 25. Rg1 Qh2 26. Qc4 Bd7 27. a4 Kh8 28. f5 Rf8 29. fxe6 Bxe6 30. Qd3 Qxf2+ 31. Kd2 Rf3 32. Qxa6 Qe3+ 33. Ke1 Qf2+ 34. Kd2 c4 35. Qb6 c3+ 0-1

[Event "Oberliga Wuerttemberg 0708"]
[Site "Wuerttemberg"]
[Date "2007.11.04"]
[Round "3.2"]
[White "Vujic, Branimir"]
[Black "Heinatz, Thomas"]
[Result "0-1"]
[WhiteElo "2362"]
[BlackElo "2295"]
[PlyCount "62"]
[EventDate "2007.10.07"]
[EventType "team-tourn"]
[EventRounds "9"]
[EventCountry "GER"]
[SourceTitle "EXT 2018"]
[Source "ChessBase"]
[SourceDate "2017.10.13"]
[SourceVersion "1"]
[SourceVersionDate "2017.10.13"]
[SourceQuality "1"]
[WhiteTeam "Stuttgart SF"]
[BlackTeam "Rommelshausen"]
[WhiteTeamCountry "GER"]
[BlackTeamCountry "GER"]

1. d4 Nf6 2. Bf4 g6 3. Nc3 Bg7 4. e4 d6 5. Qd2 Nc6 6. 0-0-0 0-0 7. f3 Re8 8. Bh6 Bh8 9. h4 e5 10. d5 Nd4 11. Bg5 c5 12. h5 a6 13. hxg6 fxg6 14. Nce2 b5 15. Nxd4 exd4 16. g3 Ra7 17. Bh3 Rf7 18. Ne2 Bxh3 19. Rxh3 Qc8 20. Rdh1 Nd7 21. Nf4 Ne5 22. g4 c4 23. Qe2 Qd7 24. Qf2 d3 25. Ne6 dxc2 26. Kxc2 b4 27. Kb1 b3 28. a3 c3 29. bxc3 Qb5 30. Bc1 Qd3+ 31. Ka1 Nc4 0-1

[Event "BL2-Sued 0506"]
[Site "Germany"]
[Date "2006.04.02"]
[Round "9.4"]
[White "Schmidt, Jessica"]
[Black "Vujic, Branimir"]
[Result "0-1"]
[WhiteElo "2339"]
[BlackElo "2357"]
[PlyCount "120"]
[EventDate "2005.10.23"]
[EventType "team-tourn"]
[EventRounds "9"]
[EventCountry "GER"]
[SourceTitle "EXT 2007"]
[Source "ChessBase"]
[SourceDate "2006.11.23"]
[SourceVersion "1"]
[SourceVersionDate "2006.11.23"]
[SourceQuality "1"]
[WhiteTeam "Baden-Baden II"]
[BlackTeam "Stuttgart"]
[WhiteTeamCountry "GER"]
[BlackTeamCountry "GER"]

1. d4 d5 2. c4 e6 3. Nf3 Nf6 4. Nc3 Be7 5. e3 0-0 6. Bd3 a6 7. 0-0 dxc4 8. Bxc4 b5 9. Bd3 Bb7 10. b3 c5 11. Bb2 Nbd7 12. Qe2 Qb6 13. a4 Bxf3 14. Qxf3 c4 15. Be2 b4 16. Ne4 c3 17. Bc1 e5 18. Rd1 Nxe4 19. Qxe4 Bf6 20. a5 Qc7 21. Bc4 Rfe8 22. Qd3 Rad8 23. Qf1 Nb8 24. d5 e4 25. Ra4 Be5 26. h3 Qd6 27. Ra2 Qg6 28. Qe2 Bc7 29. Rd4 Re5 30. Qg4 Qd6 31. g3 h5 32. Qd1 h4 33. g4 Rg5 34. f4 exf3 35. Qxf3 Nd7 36. e4 Rg6 37. Qg2 Bxa5 38. Be3 Bb6 39. Rxa6 Bxd4 40. Bxd4 Qf4 41. Ra1 Nf6 42. Rf1 Qxe4 43. Qf2 Rxd5 44. Bxd5 Qxd5 45. Be3 Nd7 46. Qxh4 Rf6 47. Rxf6 Nxf6 48. g5 Qd1+ 49. Kf2 Nd5 50. g6 fxg6 51. Qd8+ Kh7 52. Qh4+ Qh5 53. Qxh5+ gxh5 54. Bc1 Kg6 55. h4 Kf5 56. Kf3 Ke5 57. Bg5 Kd4 58. Ke2 Ke4 59. Kd1 Kd3 60. Kc1 Nf6 0-1

[Event "BL2-Sued 0506"]
[Site "Germany"]
[Date "2006.03.12"]
[Round "8.3"]
[White "Meissner, Bernd"]
[Black "Vujic, Branimir"]
[Result "1-0"]
[WhiteElo "2357"]
[BlackElo "2357"]
[PlyCount "57"]
[EventDate "2005.10.23"]
[EventType "team-tourn"]
[EventRounds "9"]
[EventCountry "GER"]
[SourceTitle "EXT 2007"]
[Source "ChessBase"]
[SourceDate "2006.11.23"]
[SourceVersion "1"]
[SourceVersionDate "2006.11.23"]
[SourceQuality "1"]
[WhiteTeam "Bayern Muenchen"]
[BlackTeam "Stuttgart"]
[WhiteTeamCountry "GER"]
[BlackTeamCountry "GER"]

1. d4 d5 2. c4 e6 3. Nc3 Nf6 4. Bg5 Be7 5. e3 0-0 6. Nf3 Nbd7 7. cxd5 exd5 8. Bd3 c6 9. 0-0 h6 10. Bh4 Re8 11. Qe2 Ne4 12. Bxe7 Qxe7 13. Rae1 Ndf6 14. Ne5 Ng4 15. Nxg4 Bxg4 16. f3 Nxc3 17. bxc3 Be6 18. e4 Qa3 19. e5 c5 20. f4 cxd4 21. f5 Bd7 22. f6 gxf6 23. Qf2 dxc3 24. Qg3+ Kh8 25. Rxf6 Qf8 26. Qf4 Be6 27. Rxh6+ Kg8 28. Re3 Qc5 29. Qg5+ 1-0

[Event "BL2-Sued 0506"]
[Site "Germany"]
[Date "2006.01.29"]
[Round "6.3"]
[White "Bauer, Peter"]
[Black "Vujic, Branimir"]
[Result "0-1"]
[WhiteElo "2295"]
[BlackElo "2357"]
[PlyCount "110"]
[EventDate "2005.10.23"]
[EventType "team-tourn"]
[EventRounds "9"]
[EventCountry "GER"]
[SourceTitle "EXT 2007"]
[Source "ChessBase"]
[SourceDate "2006.11.23"]
[SourceVersion "1"]
[SourceVersionDate "2006.11.23"]
[SourceQuality "1"]
[WhiteTeam "Boeblingen"]
[BlackTeam "Stuttgart"]
[WhiteTeamCountry "GER"]
[BlackTeamCountry "GER"]

1. d4 d5 2. Nf3 Nf6 3. e3 Bf5 4. c4 e6 5. Qb3 Qc8 6. Nc3 c6 7. Bd2 Nbd7 8. Rc1 Qb8 9. Be2 Bd6 10. h3 0-0 11. Nh4 Be4 12. 0-0 h6 13. cxd5 exd5 14. Nxe4 Nxe4 15. Be1 Re8 16. Nf5 Bc7 17. f3 Nd6 18. Bd3 Nf6 19. Bh4 Nh5 20. Ne7+ Kf8 21. e4 g5 22. e5 Rxe7 23. exd6 Bxd6 24. Bf2 Bh2+ 25. Kh1 Bg3 26. Qa3 Qd6 27. Qxd6 Bxd6 28. Rfe1 Rae8 29. Rxe7 Rxe7 30. Re1 Nf4 31. Rxe7 Bxe7 32. Bf5 Ne6 33. Kg1 Bf6 34. Bxe6 fxe6 35. b3 Ke7 36. Kf1 b6 37. Ke2 Kd6 38. Kd3 e5 39. dxe5+ Bxe5 40. a4 c5 41. h4 a6 42. hxg5 hxg5 43. g3 b5 44. axb5 axb5 45. Be3 c4+ 46. bxc4 dxc4+ 47. Kd2 Bf6 48. g4 Kd5 49. f4 gxf4 50. Bxf4 Bg7 51. Bg5 b4 52. Be7 b3 53. Bd8 Ke4 54. g5 c3+ 55. Kc1 Be5 0-1

[Event "BL2-Sued 0506"]
[Site "Germany"]
[Date "2006.01.15"]
[Round "5.2"]
[White "Vujic, Branimir"]
[Black "Bunzmann, Dimitrij"]
[Result "0-1"]
[WhiteElo "2357"]
[BlackElo "2537"]
[PlyCount "134"]
[EventDate "2005.10.23"]
[EventType "team-tourn"]
[EventRounds "9"]
[EventCountry "GER"]
[SourceTitle "EXT 2007"]
[Source "ChessBase"]
[SourceDate "2006.11.23"]
[SourceVersion "1"]
[SourceVersionDate "2006.11.23"]
[SourceQuality "1"]
[WhiteTeam "Stuttgart"]
[BlackTeam "Bann"]
[WhiteTeamCountry "GER"]
[BlackTeamCountry "GER"]

1. d4 e6 2. Bf4 c5 3. e3 Nf6 4. Nd2 Be7 5. Ngf3 Nh5 6. dxc5 Nxf4 7. exf4 Qa5 8. Bd3 Qxc5 9. 0-0 f5 10. Re1 0-0 11. c4 Bf6 12. Rb1 Qd6 13. Qc2 Qxf4 14. c5 b6 15. cxb6 axb6 16. Qb3 Nc6 17. Qxb6 Rb8 18. Qc5 Rxb2 19. Rxb2 Bxb2 20. Rb1 Bf6 21. Bf1 Qa4 22. Bb5 Qxa2 23. Bxc6 dxc6 24. Qxc6 Rd8 25. Re1 Qd5 26. Qxd5 Rxd5 27. Nc4 Bb7 28. h3 Rc5 29. Nce5 Rc7 30. Rb1 g5 31. Re1 Bg7 32. Nd4 Bd5 33. Ndf3 h5 34. Nd3 Be4 35. Rc1 Ra7 36. Nc5 Bd5 37. Re1 Kf7 38. Ne5+ Bxe5 39. Rxe5 Ra1+ 40. Kh2 Ra2 41. Kg1 g4 42. hxg4 hxg4 43. Re1 g3 44. f3 Rd2 45. Nd7 Ke7 46. Ne5 Bb3 47. Ng6+ Kf6 48. Nf4 Kg5 49. Nh3+ Kh4 50. Kh1 Rd4 51. Ng1 Rd1 52. Re3 Bd5 53. Ra3 e5 54. Ra4+ Kh5 55. Ra6 Bc4 56. Rc6 Bf1 57. Rc8 f4 58. Rc2 Kg6 59. Rb2 Kf6 60. Rb6+ Ke7 61. Rb2 Kd6 62. Rb8 Ra1 63. Rd8+ Kc5 64. Rd2 Kc4 65. Rb2 Kc3 66. Re2 e4 67. Rxe4 Ra2 0-1